Quiz das Condições Médicas - Statistics

Estatísticas Gerais
  • Esse quiz foi jogado 3 262 vezes
  • A pontuação média é 11 de 20
Estatísticas das Respostas
Descrição Condição % Correto
Incapacidade de regular acúcar e insulina no sangue Diabetes
94%
Doença causada pelo HIV AIDS
87%
Índice de Massa Corporal (IMC) acima de 30 Obesidade
84%
Transtorno de humor definido por períodos de energia muito alta, alternados com depressão Bipolaridade
75%
Inflamação das gengivas Gengivite
69%
Câncer no sangue ou medula óssea que ocasiona no aumento de glóbulos brancos Leucemia
66%
Curvatura lateral anormal da coluna vertebral Escoliose
61%
Dor de cabeça severa associada com náusea e sensibilidade a luz Enxaqueca
59%
Inflamação e dor crônica nas articulações Artrite
53%
Forma mais comum demência Doença de {Alzheimer}
53%
Dificuldade de aprendizagem que prejudica a capacidade de leitura Dislexia
52%
Perturbação neurológica que causa convulsões Epilepsia
51%
Doença tropical, transmitida por mosquitos, que afeta aproximadamente 200 milhões de pessoas por ano Malária
50%
Doença dos reis, causada por alto ácido úrico, o que pode resultar em grande dor nos dedos dos pés Gota
43%
Versão menos severa do autismo Síndrome de {Asperger}
40%
Doença letal que que causa medo de água, delírios e inchaço cerebral Raiva
38%
Doença, erradicada em 1979, que causa bolhas, cicatrizes e por vezes a morte Varíola
33%
Inflamação da parte branca do olho e da superfície interna da pálpebra Conjuntivite
32%
Pele amarelada, potencialmente causada por doença no fígado Icterícia
23%
Doença transmitida por carrapatos que causa erupções cutâneas circulares, febre e outros sintomas Doença de {Lyme}
10%
Nenhum quiz correspondente encontrado
Distribuição das Pontuações
Porcentagem de Pessoas com Cada Pontuação
Percentil de Números Respondidos
Sua Pontuação Histórica
Você não jogou esse quiz